|
|
|
|
| LEADER |
00000nam0a2200000 4500 |
| 001 |
342460 |
| 005 |
20231102005444.0 |
| 010 |
|
|
|a 9785170942169
|
| 035 |
|
|
|a (RuTPU)RU\TPU\book\371510
|
| 090 |
|
|
|a 342460
|
| 100 |
|
|
|a 20190301d2015 m y0rusy50 ca
|
| 101 |
0 |
|
|a rus
|
| 102 |
|
|
|a RU
|
| 105 |
|
|
|a y z 000ay
|
| 200 |
1 |
|
|a Котов обижать не рекомендуется
|f Е. И. Михалкова
|
| 210 |
|
|
|a Москва
|c АСТ
|d 2015
|
| 215 |
|
|
|a 383 с.
|
| 225 |
1 |
|
|a Новый настоящий детектив Елены Михалковой
|
| 330 |
|
|
|a Говорят, что кошка в доме — к счастью. Но полосатый котенок, подобранный девушкой-фотографом в мокрой песочнице, об этом наверняка не слышал. Годзилла и Конан-варвар в одном усатом лице втягивает свою хозяйку в водоворот из чудовищных стечений обстоятельств, трагических событий и загадочного убийства. Почему преступник охотится за фотографом? Успеет ли Светлана опередить его? Что скрывают артисты популярного театра? И — кто же все-таки убийца? Читайте об этом в детективном романе Елены Михалковой "Котов обижать не рекомендуется".
|
| 606 |
1 |
|
|a Русская литература современная
|2 stltpush
|3 (RuTPU)RU\TPU\subj\26373
|9 50316
|
| 610 |
1 |
|
|a романы
|
| 610 |
1 |
|
|a детективы
|
| 610 |
1 |
|
|a женская проза
|
| 675 |
|
|
|a Р2
|v 4
|
| 700 |
|
1 |
|a Михалкова
|b Е. И.
|g Елена Ивановна
|
| 801 |
|
1 |
|a RU
|b 63413507
|c 20190301
|
| 801 |
|
2 |
|a RU
|b 63413507
|c 20190318
|g RCR
|
| 942 |
|
|
|c BK
|